Normal view
MARC view
- اعداد دودين ، بشار محمود ، اشراف المحاسنة ، محمد يحيى
Entry Personal Name
001 - CONTROL NUMBER
- control field: 12244
003 - CONTROL NUMBER IDENTIFIER
- control field: JO-AjAnu
005 - DATE AND TIME OF LATEST TRANSACTION
- control field: 20230606072249.0
008 - FIXED-LENGTH DATA ELEMENTS
- fixed length control field: 230606|| aca||aabn | a|a d
040 ## - CATALOGING SOURCE
- Original cataloging agency: JO-AjAnu
- Transcribing agency: JO-AjAnu
100 ## - HEADING--PERSONAL NAME
- Personal name: اعداد دودين ، بشار محمود ، اشراف المحاسنة ، محمد يحيى
670 ## - SOURCE DATA FOUND
- Source citation: Work cat.: (JO-AjAnu)6307: اعداد دودين ، بشار محمود ، اشراف المحاسنة ، محمد يحيى , author, الإطار القانوني للعقد المبرم عبر شبكة الإنترنت